| 000 | 00000nam##2200000za#4500 |
| 001 | 9.572806 |
| 003 | CaOODSP |
| 005 | 20210624183409 |
| 007 | cr ||||||||||| |
| 008 | 150406|2001||||xxc|||||o f|0| 0 eng|d |
| 040 | |aCaOODSP|beng |
| 043 | |an-cn--- |
| 086 | 1 |aM92-213/2001E-PDF |
| 110 | 1 |aCanada. |bNatural Resources Canada. |
| 245 | 10|aWarm up to biomass heating and improve your bottom line |h[electronic resource] |
| 260 | |aOttawa - Ontario : |bNatural Resources Canada |cc2001. |
| 300 | |a11p.|bcoloured illus., photographs |
| 490 | 1 |aBioenergy series |v1 |
| 500 | |aThe catalogue number (M92-213/2001E) and ISBN (0-662-30280-X) for the bilingual print edition have been incorrectly copied in this electronic publication. |
| 590 | |a12-02-Supp|b2012-01-20 |
| 775 | 08|tLa biomasse, source de chaleur et de bénéfices nets |w(CaOODSP)9.603072 |
| 776 | 0#|tWarm up to biomass heating and improve your bottom line |w(CaOODSP)9.615565 |
| 830 | #0|aBioenergy series ;|v1|w(CaOODSP)9.504695 |
| 856 | 40|ahttp://publications.gc.ca|qPDF|s1009 KB|uhttps://publications.gc.ca/collections/Collection/M92-213-2001E.pdf|y1 |